000 00708 a2200193 4500
999 _c6802
_d6802
020 _a9780273712459
050 0 0 _aHD 66 BLO 2007
100 1 _aBloch, Susan
_eauthor
245 1 0 _aHow to manage in a flat world :
_bget connected to your team : wherever they are /
_cSusan Bloch and Phillip Whiteley
264 _aU.K. :
_bPearson Education Limited,
_c2007
300 _a156 p. :
500 _aIncludes bibliographical references and index
504 _aIncludes bibliographical references and index
650 0 _aVirtual work teams
_xManagement.
650 0 _aLeadership.
650 0 _aInternational business enterprises
_xManagement.
700 1 _aWhiteley, Philip
_eauthor
942 _2lcc
_cBK
_h66
_iBLO
_kHD